| 000 | 00428nam a2200193Ia 4500 | ||
|---|---|---|---|
| 003 | OSt | ||
| 005 | 20251122093758.0 | ||
| 008 | 250729s1928 xx 000 0 und d | ||
| 020 | _a978-9386906601 | ||
| 040 | _cAL | ||
| 041 | _aeng | ||
| 082 | _a824 TAGS | ||
| 100 |
_aTagore Rabindranath _9224721 |
||
| 245 | _aStray birds | ||
| 260 |
_aLondon _c1928 |
||
| 300 | _a84p | ||
| 650 |
_aFiction _9224722 |
||
| 942 |
_2ddc _cBED |
||
| 999 |
_c236553 _d236553 |
||